01276cam a2200325 i 450000100090000000300040000900500170001300800410003001000170007102000190008803500200010704000270012704200080015405000160016208200170017810000250019524501170022024600480033725000120038526400460039730000600044333600210050333700250052433800230054950400510057250502510062365000300087470000230090470000230092717677960OSt20240828144005.0130327t20132013paua b 001 0 eng  a 2013012502 a9781455738113  a(DNLM)101604991 aDNLM/DLCcLCerdadDLC apcc00aRG627.5.J7700a616/.0432231 aJones, Kenneth Lyons10aSmith's recognizable patterns of human malformation. /cKenneth Lyons Jones, Marilyn C. Jones, Miguel Del Campo.1 aRecognizable patterns of human malformation a7th ed. 1aPhiladelphia :bElsevier Saunders,c2013. axiii, 998 p. :billustrations (chiefly color) ;c27 cm. atext2rdacontent aunmediated2rdamedia avolume2rdacarrier aIncludes bibliographical references and index.0 aRecognizable patterns of malformation -- Morphogenesis and dysmorphogenesis -- Genetics, genetic counseling, and prevention -- Minor anomalies: clues to more serious problems and to the recognition of malformation syndromes -- Normal standards --12aCongenital Abnormalities.1 aJones, Marilyn C.,1 aCampo, Miguel Del,